000 00549nam a22001697a 4500
005 20250324121909.0
008 250324b |||||||| |||| 00| 0 eng d
020 _a9780231206860
041 _aEng
082 _a658.4033 FRI
100 _aFreidman, Howard Steven
245 _aWinning With Data Science: A Handbook for Business Leaders
260 _aNew York
_bColumbia Business School Publishing
_c2024
300 _a259;. P. 23 cm
650 _aManagement-Statistical Methods; Databases; Data Mining; Electronic Data Processing
942 _cBK
999 _c43356
_d43356